000 01051cam a2200361 a 4500
001 3842
003 FISKH
005 20240516113820.0
008 100618s2011 nyua b 000 1 eng
010 _a 2010021976
020 _a9780061978548 (trade bdg.)
020 _a9780061978531 (lib. bdg.)
040 _aDLC
_cDLC
_dDLC
_beng
042 _alcac
050 0 0 _aPZ7.S4334
_bSq 2011
082 0 0 _a[E]
_222
100 1 _aScotton, Rob.
245 1 0 _aSplat the cat sings flat /
_cRob Scotton.
260 _aNew York :
_bHarper,
_c2011.
300 _a31 pages :
_bcolor illustrations ;
_c23 cm
490 0 _aI can read. Level 1
505 _aH
520 _aSplat the cat is very nervous when his class prepares to sing on Parents' Night.
521 8 _a430
_bLexile
521 8 _aH
_bRaz-Plus
650 1 _aCats
_vFiction.
650 1 _aSchools
_vFiction.
650 1 _aStage fright
_vFiction.
650 1 _aHumorous stories.
906 _a7
_bcbc
_corignew
_d1
_eecip
_f20
_gy-gencatlg
942 _2ddc
_cBK
_n0
999 _c3842
_d3842